00445nam a2200181Ia 4500008004000000020001800040041000800058082001600066100002200082245003900104260005500143300001000198650001000208650000900218650001400227650000800241650001400249210210b2009 xxu||||| |||| 00| 0 eng d a9788184571684 aeng a070.19 ZACR aZACHARIAH (Aruna) aRadio jockeying and news anchoring aNew DelhibKanishka Publishers, Distributorsc2009 ax,387 aRadio anews ajockeying aand aanchoring